00343nam a2200133Ia 4500008004100000041001200041082001600053100001500069245005400084260003000138300000800168650001500176700001800191221030s9999 xx 000 0 und d aEnglish a105.23bBha aN. D. Bhat 0aEngineering Drawingcby N. D. Bhat, V. M. Panchal bCharotar PubaAnandc2000 a600 aMechanical aV. M. Panchal